Central Library OPAC University of Rajshahi
Normal view MARC view

Entry Corporate Name

Number of records used in: 2

001 - CONTROL NUMBER

  • control field: 10718

003 - CONTROL NUMBER IDENTIFIER

  • control field: BD-RjUL

005 - DATE AND TIME OF LATEST TRANSACTION

  • control field: 20231226142750.0

008 - FIXED-LENGTH DATA ELEMENTS

  • fixed length control field: 231226|| aca||aabn | a|a d

040 ## - CATALOGING SOURCE

  • Original cataloging agency: BD-RjUL
  • Transcribing agency: BD-RjUL

110 ## - HEADING--CORPORATE NAME

  • Corporate name or jurisdiction name as entry element: United Arab Emirates.الإمارات العربية المتحدة.
  • Subordinate unit: Idārah al-ʻĀmmah lil-Shuʼūn al-Siyāsīyah.ادارة العامة للشئون السياسية.
  • Subordinate unit: Qism al-Abḥāth wa-al-Maʻlūmāt.قسم الأبحاث والمعلومات

670 ## - SOURCE DATA FOUND

  • Source citation: Work cat.: (BD-RjUL)82545: ‏دراسات في الإقتصاد والسياسة والقانون ;;;dirasat fi al'iiqtisad walsiyasat walqanun / :